| 000 | 00901nam a22002297a 4500 | ||
|---|---|---|---|
| 999 |
_c10717 _d10717 |
||
| 003 | AR-CdUCM | ||
| 008 | 190325b ||||| |||| 00| 0 spa d | ||
| 040 |
_aMUNICIPALIDAD PROVINCIAL DEL CUSCO _cBIBLIOTECA MUNICIPAL DEL CUSCO |
||
| 041 | _heng | ||
| 082 |
_a129.23 / _bR96 / 1932 |
||
| 100 |
_aRussell, Bertrand _916285 |
||
| 245 |
_aLos caminos de la libertad : _bel socialismo, el anarquismo y el sindicalismo / |
||
| 260 |
_aSantiago de Chile: _bExtra, _c1932. |
||
| 300 |
_a174 páginas ; _c18.5 cm. |
||
| 505 | _aContenido: Marx y la doctrina socialista -- Bakinin y el anarquismo -- La rebelión sindicalista -- El trabajo y el suelo -- El gobierno y la ley -- Las relaciones internacionales ... | ||
| 650 |
_aSocialismo _91037 |
||
| 650 |
_aAnarquismo _923756 |
||
| 650 |
_aSindicalismo _95257 |
||
| 700 |
_aGarcía, Paladini (traducción) _923757 |
||
| 942 |
_2ddc _cLIBROS |
||
| 945 | _aacv | ||